000 01517nam a2200421 a 4500
001 vtls000321927
003 NLI
005 20210602143423.0
008 101227s2001 ii 000 p ben
020 _cRs. 25.00
039 9 _y201012272105
_zbengal1
040 _aNLI
_bben
_cBengali Div
041 0 _aben
044 _aii
082 0 4 _a891.441
_222
100 1 _6880-01
245 0 0 _6880-02
_aশত কবির শত কবিতা
_cসম্পাদনা:অমল কর,বরুণ চক্রবর্তী
260 _aকলকাতা
_bঝড়ো হাওয়া
_c2001
300 _a[4],104p.
_c21.8cm.
504 _aIncludes bibliographical references
650 0 _aBengali poetry
_91404
700 1 _6880-03
_aকর, অমল
_4edt.
_9205133
700 1 _6880-04
_aচক্রবর্তী, বরুণ
_4edt.
_91226
700 1 _6880-05
880 1 _6100-01(B
880 1 _6245-02(B
_aSata kabir sata kabita
_cedited by Amal Kar & Barun Cakraborti
880 1 _6700-03(B
_aKar, Amal
_4edt.
880 1 _6700-04(B
_aCakraborti, Barun
_4edt.
880 1 _6700-05(B
887 _aDebasree Biswas
901 _a62016
_b18.10.01
902 _aB891.441 S1521
904 _aDebasree Biswas
949 _AVIRTUAITEM
_D10008
_X100
_6DBA000062016BEN
_e62016
942 _2ddc
_cBKS
999 _aVIRTUA
_c281237
_d281237
999 _aVTLSSORT0080*0200*0400*0410*0440*0820*1000*2450*2600*3000*5040*6500*7000*7001*7002*8520*8800*8801*8802*8803*8804*9010*9020*9040*9992